[Event "Bahn-SC Wuppertal 1 - SG Porz 2"]
[Site "Oberliga NRW 2016/2017"]
[Date "2016.12.11"]
[Round "4.5"]
[White "Wagenknecht, Uwe"]
[Black "Ries, Benjamin"]
[Result "1/2-1/2"]
[WhiteElo "2176"]
[BlackElo "2169"]
[PlyCount "95"]
[EventDate "2016.??.??"]
[WhiteTeam "SG Porz 2"]
[BlackTeam "Bahn-SC Wuppertal 1"]

1. Nf3 d5 2. c4 c6 3. b3 Bf5 4. Bb2 e6 5. g3 Nf6 6. Bg2 Bd6 7. d3 h6 8. Nbd2
O-O 9. O-O Nbd7 10. a3 a5 11. Ra2 Qe7 12. Qa1 Bh7 13. Re1 e5 14. e4 d4 15. Nh4
Nc5 16. Bf1 Nfd7 17. Qd1 Qe6 18. Bc1 Be7 19. Ndf3 a4 20. b4 Nb3 21. Rae2 b5 22.
c5 Nxc1 23. Qxc1 Bxh4 24. Nxh4 g5 25. Nf3 Kg7 26. Nd2 Rg8 27. f3 Kh8 28. Rf2
Rg7 29. Be2 Nf8 30. Bd1 Ng6 31. Bc2 h5 32. Nf1 Ne7 33. Bb1 Qh3 34. Ba2 Rag8 35.
Qd2 Rf8 36. Ree2 f6 37. Rg2 Bg8 38. Ref2 Ng6 39. Re2 Kh7 40. Kf2 g4 41. fxg4
Qxg4 42. Ke1 h4 43. Rgf2 h3 44. Bxg8+ Rgxg8 45. Qa2 Rg7 46. Nd2 Rgf7 47. Rf5
Ne7 48. Rff2 1/2-1/2

[Event "Bahn-SC Wuppertal 1 - SG Porz 2"]
[Site "Oberliga NRW 2016/2017"]
[Date "2016.12.11"]
[Round "4.6"]
[White "Auer, Martin"]
[Black "Liard, Thibaud"]
[Result "1/2-1/2"]
[WhiteElo "2167"]
[BlackElo "2129"]
[PlyCount "55"]
[EventDate "2016.??.??"]
[WhiteTeam "Bahn-SC Wuppertal 1"]
[BlackTeam "SG Porz 2"]

1. f4 d5 2. Nf3 c5 3. g3 Nf6 4. Bg2 g6 5. O-O Bg7 6. d3 O-O 7. c3 b6 8. Na3 Bb7
9. Re1 d4 10. e4 dxe3 11. Bxe3 Nc6 12. Qe2 Re8 13. Nc4 Ng4 14. Bd2 b5 15. Ne3
Nf6 16. Rad1 Qb6 17. Ng5 e5 18. Nd5 Nxd5 19. Bxd5 Nd8 20. Qe4 Bxd5 21. Qxd5 Qc6
22. Qxc6 Nxc6 23. Ne4 exf4 24. gxf4 c4 25. dxc4 bxc4 26. Nd6 Rxe1+ 27. Rxe1 Rd8
28. Re8+ 1/2-1/2

[Event "Bahn-SC Wuppertal 1 - SG Porz 2"]
[Site "Oberliga NRW 2016/2017"]
[Date "2016.12.11"]
[Round "4.7"]
[White "Suvorov, Alexander"]
[Black "Werbeck, Torsten"]
[Result "1/2-1/2"]
[WhiteElo "2125"]
[BlackElo "2051"]
[Annotator "Hausrath,Daniel"]
[PlyCount "72"]
[EventDate "2016.??.??"]
[WhiteTeam "SG Porz 2"]
[BlackTeam "Bahn-SC Wuppertal 1"]

1. d4 Nf6 2. c4 c5 3. d5 b5 4. Qc2 bxc4 5. e4 d6 6. Bxc4 g6 7. Nf3 Bg7 8. O-O
O-O 9. h3 Ba6 10. Na3 Nfd7 11. Bd2 Qb6 12. Bc3 Bxc3 13. Qxc3 Qb4 14. Qd3 Bxc4
15. Nxc4 Nb6 16. Nfd2 Nxc4 17. Nxc4 Nd7 18. b3 f6 19. f4 a5 20. h4 a4 21. h5
axb3 22. axb3 Rxa1 23. Rxa1 Kg7 24. Qg3 Qb7 25. Rf1 Rg8 26. Rf3 Kh8 27. hxg6
Rxg6 28. Qh4 Nf8 $11 29. Rg3 Qa7 30. e5 Qa1+ 31. Kh2 dxe5 32. fxe5 Qc1 33. Rxg6
Nxg6 34. Qg3 Qh6+ 35. Kg1 Qc1+ 36. Kh2 Qh6+ 1/2-1/2

[Event "Bahn-SC Wuppertal 1 - SG Porz 2"]
[Site "Oberliga NRW 2016/2017"]
[Date "2016.12.11"]
[Round "4.8"]
[White "Peters, Ortwin"]
[Black "Suvorov, Luca"]
[Result "1/2-1/2"]
[WhiteElo "1942"]
[BlackElo "1967"]
[PlyCount "82"]
[EventDate "2016.??.??"]
[WhiteTeam "Bahn-SC Wuppertal 1"]
[BlackTeam "SG Porz 2"]

1. c4 Nf6 2. Nc3 g6 3. Nf3 Bg7 4. g3 O-O 5. Bg2 d6 6. O-O Nc6 7. d3 e5 8. Rb1
a5 9. a3 h6 10. b4 axb4 11. axb4 Be6 12. b5 Ne7 13. Qb3 Qc8 14. Ba3 Nh7 15. b6
c5 16. Nb5 Qd7 17. Nc7 Rab8 18. Nxe6 Qxe6 19. Nd2 Nf6 20. e3 Nd7 21. Ne4 Nc8
22. Nc3 Ndxb6 23. Rfe1 Qd7 24. Nb5 Na8 25. Rbd1 Nc7 26. Bb2 Nxb5 27. cxb5 Na7
28. b6 Nc6 29. Ra1 Nb4 30. Ba3 Nc6 31. Bb2 Rfd8 32. Rec1 Bf8 33. d4 exd4 34.
exd4 Qf5 35. Bxc6 bxc6 36. dxc5 dxc5 37. Rd1 Rxd1+ 38. Rxd1 Bg7 39. Bxg7 Kxg7
40. b7 Qe5 41. Rb1 Qd5 1/2-1/2

[Event "SK Königsspringer Iserlohn 1 - SV Dinsl"]
[Site "Oberliga NRW 2016/2017"]
[Date "2016.12.11"]
[Round "4.1"]
[White "Sielecki, Christof"]
[Black "Scheider, Julian"]
[Result "1-0"]
[WhiteElo "2399"]
[BlackElo "2292"]
[PlyCount "59"]
[EventDate "2016.??.??"]
[WhiteTeam "SV Dinslaken 1"]
[BlackTeam "SK Königsspringer Iserlohn 1"]

1. Nf3 Nf6 2. c4 c5 3. Nc3 Nc6 4. g3 g6 5. d4 cxd4 6. Nxd4 d6 7. Bg2 Bd7 8. Nc2
Bg7 9. b3 O-O 10. O-O Rc8 11. Bb2 a6 12. Nd5 Nxd5 13. Bxg7 Kxg7 14. cxd5 Ne5
15. Qd2 Qb6 16. h3 Rfd8 17. Kh2 Be8 18. Nd4 Nd7 19. f4 Nf6 20. g4 Rc5 21. e4
Rdc8 22. f5 Rc3 23. g5 Ng8 24. fxg6 hxg6 25. Qf2 Qb4 26. Ne6+ fxe6 27. Qf8+ Kh7
28. Rf4 Rxh3+ 29. Kxh3 Qc3+ 30. Bf3 1-0

[Event "SK Königsspringer Iserlohn 1 - SV Dinsl"]
[Site "Oberliga NRW 2016/2017"]
[Date "2016.12.11"]
[Round "4.2"]
[White "Eckardt, Joshua"]
[Black "Tereick, Benjamin"]
[Result "1/2-1/2"]
[WhiteElo "2192"]
[BlackElo "2405"]
[Annotator "Hausrath,Daniel"]
[PlyCount "78"]
[EventDate "2016.??.??"]
[WhiteTeam "SK Königsspringer Iserlohn 1"]
[BlackTeam "SV Dinslaken 1"]

1. d4 d5 2. c4 dxc4 3. e4 Nf6 4. e5 Nd5 5. Bxc4 Nc6 6. Nc3 Nb6 7. Bb5 Bd7 8.
Nf3 e6 9. O-O Nb4 10. Be2 Bc6 11. Be3 Be7 12. Nd2 Qd7 13. Nde4 O-O-O 14. a3
N4d5 15. b4 Nxc3 16. Nxc3 Nd5 17. Qd2 f5 18. Rac1 Nxc3 19. Qxc3 Kb8 20. f4 $11
g5 21. fxg5 Rdg8 22. Bf3 Bxf3 23. Rxf3 Bxg5 24. Bxg5 Rxg5 25. d5 Rhg8 26. dxe6
Rxg2+ 27. Kh1 Qxe6 28. Qxc7+ Ka8 29. Rg3 R2xg3 30. hxg3 Qd5+ 31. Kh2 Qd2+ 32.
Kh3 Qh6+ 33. Kg2 a6 34. Rd1 Rxg3+ 35. Kxg3 Qe3+ 36. Kg2 Qe2+ 37. Kg3 Qe3+ 38.
Kg2 Qe2+ 39. Kg3 Qe3+ 1/2-1/2

[Event "SK Königsspringer Iserlohn 1 - SV Dinsl"]
[Site "Oberliga NRW 2016/2017"]
[Date "2016.12.11"]
[Round "4.3"]
[White "Trella, Thomas"]
[Black "Franke, Thomas"]
[Result "1-0"]
[WhiteElo "2368"]
[BlackElo "2093"]
[PlyCount "127"]
[EventDate "2016.??.??"]
[WhiteTeam "SV Dinslaken 1"]
[BlackTeam "SK Königsspringer Iserlohn 1"]

1. Nf3 Nf6 2. c4 g6 3. g3 Bg7 4. Bg2 d6 5. d4 O-O 6. O-O Nc6 7. Nc3 a6 8. b3
Rb8 9. Nd5 Nh5 10. Bb2 e6 11. Nc3 b5 12. d5 Ne7 13. dxe6 Bxe6 14. cxb5 axb5 15.
Qd2 Nf6 16. Ng5 Bd7 17. Rfe1 Bc6 18. e4 Nd7 19. f4 Nc5 20. Nd1 f6 21. Nh3 Qc8
22. Nhf2 Qb7 23. Rc1 b4 24. Ne3 Rf7 25. Nc4 Ra8 26. Bd4 Ne6 27. Ba1 Ra6 28. Rc2
Qb8 29. Nd3 Bb5 30. Nxb4 Bxc4 31. Rxc4 Ra5 32. Rc2 Qb6+ 33. Kh1 Rb5 34. Nd3 c5
35. Nb2 Nd4 36. Rcc1 Nec6 37. Bf1 Qa5 38. Qxa5 Rxa5 39. Bc4 Rxa2 40. Re3 Kf8
41. Bxf7 Kxf7 42. Nc4 Ke6 43. Bxd4 Nxd4 44. Rd3 f5 45. e5 dxe5 46. Nxe5 Bxe5
47. Re1 Nc6 48. fxe5 Nd4 49. Rc1 Kd5 50. Rdc3 Ke6 51. Rxc5 Nxb3 52. Rc6+ Kxe5
53. Re1+ Kd5 54. Rc7 Kd6 55. Rxh7 Rd2 56. Rh6 Nd4 57. Rxg6+ Kd5 58. Rf1 Ke4 59.
Rg8 Kd3 60. Re8 Nc2 61. Rf3+ Kc4 62. Rxf5 Nd4 63. Rf4 Kc3 64. Rc8+ 1-0

[Event "SK Königsspringer Iserlohn 1 - SV Dinsl"]
[Site "Oberliga NRW 2016/2017"]
[Date "2016.12.11"]
[Round "4.4"]
[White "Messarius, Juergen"]
[Black "Mundorf, Johannes"]
[Result "1/2-1/2"]
[WhiteElo "2136"]
[BlackElo "2207"]
[PlyCount "23"]
[EventDate "2016.??.??"]
[WhiteTeam "SK Königsspringer Iserlohn 1"]
[BlackTeam "SV Dinslaken 1"]

1. e4 e6 2. d4 d5 3. Nc3 Nf6 4. e5 Nfd7 5. f4 c5 6. Nf3 Qb6 7. Ne2 Nc6 8. c3 f6
9. a3 Be7 10. h4 O-O 11. h5 cxd4 12. cxd4 1/2-1/2

[Event "SK Königsspringer Iserlohn 1 - SV Dinsl"]
[Site "Oberliga NRW 2016/2017"]
[Date "2016.12.11"]
[Round "4.5"]
[White "Walter, Andreas"]
[Black "Kind, Bertram"]
[Result "1/2-1/2"]
[WhiteElo "2123"]
[BlackElo "2166"]
[Annotator "Hausrath,Daniel"]
[PlyCount "110"]
[EventDate "2016.??.??"]
[WhiteTeam "SV Dinslaken 1"]
[BlackTeam "SK Königsspringer Iserlohn 1"]

1. d4 Nf6 2. c4 e6 3. Nc3 Bb4 4. Qc2 d5 5. cxd5 exd5 6. Bg5 h6 7. Bxf6 Qxf6 8.
a3 Bxc3+ 9. Qxc3 O-O 10. Nf3 c6 11. e3 Bf5 12. Be2 Nd7 13. O-O Qd6 14. b4 Nf6
15. Nd2 Rfc8 16. Rfc1 g6 17. Qb2 a6 18. Nb3 b6 19. Qd2 Ne4 20. Qe1 Qf6 21. a4
h5 22. a5 b5 23. Nc5 Nd6 24. Qc3 Qg5 25. Bd3 Bh3 26. Bf1 Bg4 27. Kh1 Re8 28.
Re1 Qf6 29. Ra2 Bf5 30. Bd3 h4 31. Bxf5 Qxf5 32. Qd3 Qg5 33. h3 Ra7 34. Rae2 f5
35. Qc2 Nc4 36. Nd3 $11 Qf6 37. f4 g5 38. Ne5 Rg7 39. Rf2 g4 40. Qd1 gxh3 41.
gxh3 Ree7 42. Qf3 Rg3 43. Rg1 Reg7 44. Rfg2 Rxf3 45. Rxg7+ Qxg7 46. Nxf3 Nxe3
47. Rxg7+ Kxg7 48. Ne1 Kf6 49. Kg1 Nc4 50. Kf2 Ke6 51. Ke2 c5 52. dxc5 d4 53.
Kd3 Kd5 54. Nf3 Nb2+ 55. Kc2 Nc4 1/2-1/2

[Event "SK Königsspringer Iserlohn 1 - SV Dinsl"]
[Site "Oberliga NRW 2016/2017"]
[Date "2016.12.11"]
[Round "4.6"]
[White "Klauke, Stefan"]
[Black "Ossig, Rainer"]
[Result "1/2-1/2"]
[WhiteElo "2109"]
[BlackElo "2138"]
[PlyCount "93"]
[EventDate "2016.??.??"]
[WhiteTeam "SK Königsspringer Iserlohn 1"]
[BlackTeam "SV Dinslaken 1"]

1. e4 e6 2. d4 d5 3. Nc3 h6 4. Be3 Bb4 5. exd5 exd5 6. Qf3 Nf6 7. Bd3 Bg4 8.
Qg3 Bd6 9. Qh4 c6 10. Nge2 Qe7 11. O-O-O Nbd7 12. Bd2 O-O-O 13. f3 Be6 14. Rde1
Nb6 15. Qf2 Qd7 16. g4 Qc7 17. h3 Nc4 18. Bxc4 dxc4 19. Ne4 Be7 20. Bf4 Qa5 21.
N2c3 Rhe8 22. Nxf6 Bxf6 23. Be5 Bxe5 24. Rxe5 Qb6 25. Rd1 f6 26. Re2 Bf7 27.
Rxe8 Rxe8 28. Ne4 Qc7 29. Qd2 Rd8 30. a3 Bd5 31. Qe3 Kb8 32. Nc3 Qg3 33. Qe7
Qf4+ 34. Kb1 Qc7 35. Nxd5 Rxd5 36. Qf8+ Rd8 37. Qc5 Qf4 38. Qxc4 Qxf3 39. Rd3
Qh1+ 40. Ka2 Qd5 41. Qxd5 Rxd5 42. Re3 Kc7 43. c3 Kd7 44. Kb3 h5 45. Kc4 hxg4
46. hxg4 Rg5 47. Re4 1/2-1/2

[Event "SK Königsspringer Iserlohn 1 - SV Dinsl"]
[Site "Oberliga NRW 2016/2017"]
[Date "2016.12.11"]
[Round "4.7"]
[White "Hoenig, Alexander"]
[Black "Schwanbeck, Christoph"]
[Result "0-1"]
[WhiteElo "2133"]
[BlackElo "2070"]
[PlyCount "94"]
[EventDate "2016.??.??"]
[WhiteTeam "SV Dinslaken 1"]
[BlackTeam "SK Königsspringer Iserlohn 1"]

1. d4 Nf6 2. Nf3 e6 3. Bf4 c5 4. c3 b6 5. e3 Bb7 6. Nbd2 d6 7. Bd3 cxd4 8. cxd4
Be7 9. e4 O-O 10. Qe2 Nbd7 11. h3 e5 12. Bh2 exd4 13. Nxd4 Nc5 14. Nf5 d5 15.
e5 Nfe4 16. Nxe7+ Qxe7 17. O-O Nxd3 18. Qxd3 Nc5 19. Qd4 Rac8 20. Rfc1 Ne6 21.
Qg4 Rxc1+ 22. Rxc1 Rc8 23. Rxc8+ Bxc8 24. Qa4 a6 25. Qc6 Qc5 26. Qe8+ Qf8 27.
Qxf8+ Kxf8 28. Nb3 a5 29. Kf1 Ba6+ 30. Ke1 Bc4 31. Nc1 g5 32. b3 Bb5 33. f3 Nf4
34. Bxf4 gxf4 35. Ne2 Bxe2 36. Kxe2 Ke7 37. Kd3 Ke6 38. Kd4 b5 39. a3 b4 40. a4
h6 41. h4 h5 42. Kc5 Kxe5 43. Kb5 Kd6 44. Kxa5 Kc5 45. Ka6 d4 46. a5 Kc6 47.
Ka7 d3 0-1

[Event "SK Königsspringer Iserlohn 1 - SV Dinsl"]
[Site "Oberliga NRW 2016/2017"]
[Date "2016.12.11"]
[Round "4.8"]
[White "Kramps, Rene"]
[Black "Borchert, Rene"]
[Result "1/2-1/2"]
[WhiteElo "2056"]
[BlackElo "2115"]
[PlyCount "41"]
[EventDate "2016.??.??"]
[WhiteTeam "SK Königsspringer Iserlohn 1"]
[BlackTeam "SV Dinslaken 1"]

1. e4 e5 2. Nf3 Nc6 3. Bc4 Bc5 4. Nc3 d6 5. Nd5 Bg4 6. c3 Nf6 7. d4 exd4 8. Bg5
dxc3 9. Qb3 O-O 10. Bxf6 gxf6 11. Qxc3 Kg7 12. O-O-O Ne5 13. Nxe5 Bxd1 14. Nd7
Ba4 15. N7xf6 Rg8 16. Nf4 Kf8 17. Nxh7+ Ke8 18. Nf6+ Kf8 19. Nxg8 Kxg8 20. Qg3+
Kf8 21. Qg4 1/2-1/2

[Event "Godesberger SK 1 - Klub Kölner SF 1"]
[Site "Oberliga NRW 2016/2017"]
[Date "2016.12.11"]
[Round "4.1"]
[White "Tugui, Adrian"]
[Black "Brandt, Sebastian"]
[Result "0-1"]
[WhiteElo "2356"]
[BlackElo "2174"]
[PlyCount "102"]
[EventDate "2016.??.??"]
[WhiteTeam "Klub Kölner SF 1"]
[BlackTeam "Godesberger SK 1"]

1. d4 Nf6 2. Bg5 c5 3. d5 Ne4 4. Bc1 e6 5. dxe6 fxe6 6. g3 Qf6 7. Nh3 d5 8. Bg2
Nd6 9. O-O Nc6 10. e4 Nxe4 11. c4 Qf5 12. Nf4 Nd4 13. cxd5 e5 14. Nc3 Ng5 15.
Ne6 Ngxe6 16. dxe6 Bxe6 17. Bxb7 Rd8 18. Be4 Qf7 19. Be3 Be7 20. f4 Nf5 21.
Bc6+ Bd7 22. Bd5 Qg6 23. Qe2 Bc6 24. Rad1 Nd4 25. Qg2 Rxd5 26. Nxd5 Qd6 27.
Bxd4 exd4 28. Rfe1 Bxd5 29. Qe2 Kd8 30. b4 Re8 31. Qh5 Bc6 32. bxc5 Qxc5 33.
Re5 Qb6 34. Re6 d3+ 35. Kf1 Qb5 36. Re5 Qc4 37. a3 d2+ 38. Qe2 Qxe2+ 39. Kxe2
Bxa3 40. Rxd2+ Kc7 41. Ra2 Bc5 42. Kd3 Rxe5 43. fxe5 Kd7 44. Kc4 Bg1 45. Ra1
Bb6 46. Rd1+ Ke7 47. Rd6 Bb7 48. Rd1 Ke6 49. Re1 Ba6+ 50. Kb4 Bd3 51. Kb3 Bc7
0-1

[Event "Godesberger SK 1 - Klub Kölner SF 1"]
[Site "Oberliga NRW 2016/2017"]
[Date "2016.12.11"]
[Round "4.2"]
[White "Wecker, Martin"]
[Black "Morawietz, Dieter"]
[Result "0-1"]
[WhiteElo "2110"]
[BlackElo "2381"]
[PlyCount "74"]
[EventDate "2016.??.??"]
[WhiteTeam "Godesberger SK 1"]
[BlackTeam "Klub Kölner SF 1"]

1. Nf3 c5 2. c4 Nc6 3. d4 cxd4 4. Nxd4 Nf6 5. Nc3 e6 6. Ndb5 d5 7. Bf4 e5 8.
cxd5 exf4 9. dxc6 bxc6 10. Qxd8+ Kxd8 11. Rd1+ Bd7 12. Nd6 Bxd6 13. Rxd6 Kc7
14. Rd4 Rab8 15. b3 g5 16. g3 fxg3 17. hxg3 h5 18. Bg2 a5 19. Ra4 Kb6 20. Rc4
Ng4 21. Na4+ Kc7 22. Nc5 Bc8 23. Ne4 f6 24. Nxf6 Ne5 25. Rc3 Rh6 26. Ne4 Nf7
27. Nc5 Rb5 28. O-O h4 29. a4 Rb4 30. gxh4 gxh4 31. Bh3 Bxh3 32. Rxh3 Rg4+ 33.
Kh1 Ng5 34. Rd3 Rg6 35. Rd7+ Kc8 36. Rfd1 Nh3 37. Ra7 Nxf2+ 0-1

[Event "Godesberger SK 1 - Klub Kölner SF 1"]
[Site "Oberliga NRW 2016/2017"]
[Date "2016.12.11"]
[Round "4.3"]
[White "Wacker, Peter"]
[Black "Koehler, Christian Friedrich"]
[Result "1-0"]
[WhiteElo "2263"]
[BlackElo "2135"]
[PlyCount "67"]
[EventDate "2016.??.??"]
[WhiteTeam "Klub Kölner SF 1"]
[BlackTeam "Godesberger SK 1"]

1. e4 e5 2. Nf3 Nc6 3. Bc4 Nf6 4. d3 Be7 5. c3 d6 6. Nbd2 O-O 7. Bb3 Na5 8. Bc2
c5 9. Nf1 Nc6 10. Ng3 h6 11. O-O Re8 12. h3 a6 13. a3 b5 14. Re1 Bf8 15. d4
cxd4 16. cxd4 exd4 17. Nxd4 Nxd4 18. Qxd4 Be6 19. Bf4 Rc8 20. Rac1 g5 21. Bd2
Bg7 22. Qd3 Nd7 23. e5 Rxc2 24. Qxc2 dxe5 25. Nf5 Bf8 26. Bb4 Bxb4 27. axb4
Bxf5 28. Qxf5 Nf8 29. Rxe5 Rxe5 30. Qxe5 Ne6 31. Rc6 Qd1+ 32. Kh2 Qd2 33. Rc8+
Kh7 34. Rh8+ 1-0

[Event "Godesberger SK 1 - Klub Kölner SF 1"]
[Site "Oberliga NRW 2016/2017"]
[Date "2016.12.11"]
[Round "4.5"]
[White "Bayer, Ernst-Wolfgang"]
[Black "Hemmann, Arnold"]
[Result "0-1"]
[WhiteElo "2251"]
[BlackElo "2095"]
[Annotator "Hausrath,Daniel"]
[PlyCount "120"]
[EventDate "2016.??.??"]
[WhiteTeam "Klub Kölner SF 1"]
[BlackTeam "Godesberger SK 1"]

1. Nf3 c5 2. b3 b6 3. Bb2 Bb7 4. c4 Nf6 5. e3 e6 6. d4 cxd4 7. Nxd4 a6 8. Nd2
Nc6 9. Nc2 Be7 10. Be2 O-O 11. e4 Qc7 12. Rc1 Qf4 13. g3 Qh6 14. O-O d6 15. Re1
Rfd8 16. Ne3 Qg6 17. Bf1 Ne5 18. f3 h5 19. Ng2 Nfd7 20. f4 Ng4 21. Bd3 Bf6 22.
Qc2 Nc5 23. Bxf6 Qxf6 24. Nf3 Rac8 25. Bf1 Qe7 $11 26. Ng5 g6 27. Nh4 Qf6 28.
Rcd1 e5 29. Qd2 exf4 30. Qxf4 Qxf4 31. gxf4 Kg7 32. Bg2 f6 33. Nh3 b5 34. b4
Na4 35. cxb5 axb5 36. Nf3 Nc3 37. Rd3 Nxe4 38. Nd4 Re8 39. Nxb5 Rc2 40. Nxd6
Nxd6 41. Rxe8 Rxg2+ 42. Kf1 Nxe8 43. Rd7+ Kf8 44. Rxb7 Rxh2 45. Ng1 Rxa2 46.
Ne2 Nd6 47. Rb8+ Kf7 48. b5 Rb2 49. Nd4 Ne3+ 50. Ke1 Nc2+ 51. Nxc2 Rxc2 52. b6
Rb2 53. Kd1 Ke6 54. Kc1 Rb4 55. Kc2 Rxf4 56. Kc3 Rc4+ 57. Kb3 Rc1 58. Kb4 h4
59. Rh8 g5 60. Rh7 Kd5 0-1

[Event "Godesberger SK 1 - Klub Kölner SF 1"]
[Site "Oberliga NRW 2016/2017"]
[Date "2016.12.11"]
[Round "4.6"]
[White "Kummer, Wolfram"]
[Black "Bonnmann, Reinhard"]
[Result "1/2-1/2"]
[WhiteElo "2054"]
[BlackElo "2243"]
[Annotator "Hausrath,Daniel"]
[PlyCount "73"]
[EventDate "2016.??.??"]
[WhiteTeam "Godesberger SK 1"]
[BlackTeam "Klub Kölner SF 1"]

1. e4 c5 2. Nf3 Nc6 3. d4 cxd4 4. Nxd4 Nf6 5. Nc3 e5 6. Ndb5 d6 7. Bg5 a6 8.
Na3 b5 9. Nd5 Be7 10. Bxf6 Bxf6 11. c3 Bg5 12. Nc2 Ne7 13. Nce3 Bxe3 14. Nxe3
O-O 15. Bd3 Bb7 16. Qc2 Qc7 17. O-O Rac8 $11 18. a4 b4 19. cxb4 Qb6 20. Qb3 Nc6
21. Nd5 Qd8 22. Bc4 Kh8 23. Qd3 f5 24. f3 a5 25. bxa5 Qxa5 26. Kh1 Rb8 27. Rfb1
Ba8 28. Bb5 Nd4 29. b4 Qd8 30. Bc4 Ne6 31. exf5 Nd4 32. f6 gxf6 33. a5 f5 $11
34. b5 f4 35. b6 Rf5 36. Rc1 Rh5 37. Ba2 1/2-1/2

[Event "Godesberger SK 1 - Klub Kölner SF 1"]
[Site "Oberliga NRW 2016/2017"]
[Date "2016.12.11"]
[Round "4.7"]
[White "Wisskirchen, Andreas"]
[Black "Kutzner, Stephen"]
[Result "1/2-1/2"]
[WhiteElo "2176"]
[BlackElo "2009"]
[PlyCount "120"]
[EventDate "2016.??.??"]
[WhiteTeam "Klub Kölner SF 1"]
[BlackTeam "Godesberger SK 1"]

1. d4 Nf6 2. Nf3 g6 3. c4 Bg7 4. Nc3 d5 5. Bf4 O-O 6. e3 c6 7. h3 Qa5 8. Qd2
Be6 9. Ng5 Nh5 10. Nxe6 fxe6 11. Bxb8 Raxb8 12. Be2 Nf6 13. O-O Qc7 14. Rac1
Qd6 15. c5 Qc7 16. f4 b5 17. Bf3 Bh6 18. h4 Ne8 19. g4 Bg7 20. Ne2 Bf6 21. g5
Bh8 22. Bg4 Ng7 23. Kg2 Nf5 24. Bxf5 exf5 25. h5 Bg7 26. Rh1 Kf7 27. Rh3 Qd7
28. Rch1 Qe6 29. Kf2 Rg8 30. Ng3 b4 31. hxg6+ hxg6 32. Rh7 Rb5 33. Kf3 Ke8 34.
Qd1 Kd7 35. Qa4 a5 36. Qb3 Kc7 37. a3 bxa3 38. Qxa3 Qc8 39. Ra1 Qb8 40. Qc3 Kd7
41. Ne2 Ke6 42. Rxa5 Rxb2 43. Qa3 Kf7 44. Rh1 Rb1 45. Ra8 Rxh1 46. Rxb8 Rxb8
47. Ng3 Rh2 48. Nf1 Rc2 49. Qa6 Rbb2 50. Qxc6 Rf2+ 51. Kg3 Rxf1 52. Qxd5+ e6
53. Qd7+ Kg8 54. Qxe6+ Kh7 55. c6 Rg1+ 56. Kh3 Rh1+ 57. Kg3 Rc1 58. d5 Rg1+ 59.
Kh3 Rh1+ 60. Kg3 Rg1+ 1/2-1/2

[Event "Godesberger SK 1 - Klub Kölner SF 1"]
[Site "Oberliga NRW 2016/2017"]
[Date "2016.12.11"]
[Round "4.8"]
[White "Mantau, Jan"]
[Black "Ludwig, Peter"]
[Result "1/2-1/2"]
[WhiteElo "2083"]
[BlackElo "2114"]
[PlyCount "96"]
[EventDate "2016.??.??"]
[WhiteTeam "Godesberger SK 1"]
[BlackTeam "Klub Kölner SF 1"]

1. e4 e6 2. d4 d5 3. Nd2 c5 4. exd5 Qxd5 5. Ngf3 cxd4 6. Bc4 Qd8 7. O-O Nf6 8.
Nb3 Nc6 9. Nbxd4 Nxd4 10. Nxd4 a6 11. Re1 Be7 12. Bf4 O-O 13. c3 Bc5 14. Bg5
Bxd4 15. cxd4 b5 16. Bd3 Bb7 17. Re3 h6 18. Bh4 Kh8 19. Bf1 Rc8 20. Qd2 g5 21.
Bg3 Ne4 22. Qb4 Qd5 23. Rc1 Kg8 24. Rxc8 Rxc8 25. Be5 f6 26. f3 fxe5 27. Rxe4
exd4 28. Rxd4 Qe5 29. Qd2 Bd5 30. f4 gxf4 31. Rxf4 h5 32. Rf2 Rc7 33. Qh6 Rg7
34. a3 Qg5 35. Qxg5 Rxg5 36. Rc2 h4 37. Kf2 Rf5+ 38. Ke1 Re5+ 39. Re2 Rg5 40.
Rf2 Rg4 41. Kd2 b4 42. axb4 Rxb4 43. Bxa6 Rxb2+ 44. Ke3 Rb4 45. Rf4 Rxf4 46.
Kxf4 Bxg2 47. Kg5 h3 48. Kf6 Bd5 1/2-1/2

[Event "Oberhausener SV 1 - DJK Aufwärts Aachen"]
[Site "Oberliga NRW 2016/2017"]
[Date "2016.12.11"]
[Round "4.1"]
[White "Godart, Francois"]
[Black "Hort, Vlastimil"]
[Result "1/2-1/2"]
[WhiteElo "2361"]
[BlackElo "2370"]
[Annotator "Hausrath,Daniel"]
[PlyCount "38"]
[EventDate "2016.??.??"]
[WhiteTeam "DJK Aufwärts Aachen 2"]
[BlackTeam "Oberhausener SV 1"]

1. d4 Nf6 2. Nf3 e6 3. Nbd2 c5 4. e4 d5 5. exd5 exd5 6. Bb5+ Bd7 7. Bxd7+ Nbxd7
8. O-O Be7 9. dxc5 Nxc5 10. Nb3 Nce4 11. Nfd4 Qd7 12. f3 Nd6 13. Nc5 Qc8 14.
Nd3 O-O 15. Re1 Re8 16. Bg5 Qd7 17. Kh1 Rad8 18. c3 a6 19. Qc2 h6 {
Rest komplett unleserlich!} 1/2-1/2

[Event "Oberhausener SV 1 - DJK Aufwärts Aachen"]
[Site "Oberliga NRW 2016/2017"]
[Date "2016.12.11"]
[Round "4.2"]
[White "Becker, Marcel"]
[Black "Buscher, Michael"]
[Result "0-1"]
[WhiteElo "2335"]
[BlackElo "2362"]
[PlyCount "64"]
[EventDate "2016.??.??"]
[WhiteTeam "Oberhausener SV 1"]
[BlackTeam "DJK Aufwärts Aachen 2"]

1. d4 Nf6 2. c4 e6 3. Nc3 Bb4 4. e3 c5 5. Nf3 d6 6. Bd3 Bxc3+ 7. bxc3 Nc6 8.
Qc2 h6 9. O-O O-O 10. Rb1 b6 11. h3 Re8 12. e4 e5 13. Be3 exd4 14. cxd4 Nb4 15.
Rxb4 cxb4 16. Nd2 Bb7 17. d5 Nd7 18. Qb2 Nc5 19. Bb1 a5 20. Qc2 Qf6 21. f4 Qc3
22. Rf3 Qxc2 23. Bxc2 Rac8 24. Bd4 f6 25. g4 Re7 26. Re3 Nd7 27. Ba4 Ba6 28.
Bxd7 Rxd7 29. Bxb6 a4 30. Ba5 Bxc4 31. Bxb4 Bxa2 32. Kf2 Kf7 0-1

[Event "Oberhausener SV 1 - DJK Aufwärts Aachen"]
[Site "Oberliga NRW 2016/2017"]
[Date "2016.12.11"]
[Round "4.3"]
[White "Van Dooren, Dirk"]
[Black "Litwak, Aleksej"]
[Result "1/2-1/2"]
[WhiteElo "2289"]
[BlackElo "2280"]
[Annotator "Hausrath,Daniel"]
[PlyCount "189"]
[EventDate "2016.??.??"]
[WhiteTeam "DJK Aufwärts Aachen 2"]
[BlackTeam "Oberhausener SV 1"]

1. e4 c5 2. Nf3 e6 3. d4 cxd4 4. Nxd4 Nf6 5. Nc3 Nc6 6. Ndb5 Bb4 7. a3 Bxc3+ 8.
Nxc3 d5 9. exd5 exd5 10. Bg5 O-O 11. Be2 Re8 12. O-O d4 13. Bxf6 Qxf6 14. Nd5
Qe5 15. Bf3 Bf5 16. Qd2 Rac8 17. Rfe1 Qd6 18. Ne3 Qh6 19. Nf1 Qxd2 20. Nxd2
Bxc2 21. Rxe8+ Rxe8 22. Rc1 d3 23. Kf1 Kf8 24. Re1 Rd8 25. Re3 Rd7 26. Ke1 Nd4
27. Be4 f5 28. Bxd3 f4 29. Rh3 f3 30. Bxc2 Nxc2+ 31. Kd1 fxg2 32. Rg3 Nd4 33.
Ke1 Rc7 34. Kd1 Rc1+ 35. Kxc1 Ne2+ 36. Kd1 Nxg3 37. Nf3 Ne4 38. Ke2 g5 39. Ng1
a5 40. Kf3 Nd2+ 41. Kxg2 Nc4 42. b4 a4 43. Ne2 Nxa3 44. Nc3 b5 45. f4 $11 gxf4
46. Kf3 Nc2 47. Nxb5 a3 48. Nxa3 Nxa3 49. Kxf4 Kg7 50. Kg5 Nb5 51. Kf5 h6 52.
Kg4 Kg6 53. Kf4 Nc3 54. Kg4 h5+ 55. Kh4 Nb5 56. Kg3 Kg5 57. Kf3 h4 58. Kg2 Kg4
59. Kf2 Nd4 60. Kg2 Kf4 61. Kf2 Kg4 62. Kg2 Nb5 63. Kf2 Kh3 64. Kg1 Nc3 65. Kh1
Nb5 66. Kg1 Nd4 67. Kh1 Kg4 68. Kg2 Nb5 69. Kf2 Nd4 70. Kg2 h3+ 71. Kf2 Kf4 72.
b5 Nxb5 73. Kg1 Nd4 74. Kh1 Kf3 75. Kg1 Nf5 76. Kh1 Nh4 77. Kg1 Ng6 78. Kh1 Ne5
79. Kg1 Ng4 80. Kh1 Nf2+ 81. Kg1 Ke3 82. Kf1 Kf3 83. Kg1 Nd1 84. Kh1 Ke2 85.
Kg1 Nb2 86. Kh1 Kf3 87. Kg1 Nc4 88. Kh1 Nd6 89. Kg1 Nf5 90. Kh1 Nh6 91. Kg1 Ng4
92. Kh1 Ke3 93. Kg1 Nf2 94. Kf1 Kf3 95. Kg1 1/2-1/2

[Event "Oberhausener SV 1 - DJK Aufwärts Aachen"]
[Site "Oberliga NRW 2016/2017"]
[Date "2016.12.11"]
[Round "4.4"]
[White "Kaufeld, Juergen"]
[Black "Skulener, Wladimir"]
[Result "1/2-1/2"]
[WhiteElo "2279"]
[BlackElo "2345"]
[PlyCount "22"]
[EventDate "2016.??.??"]
[WhiteTeam "Oberhausener SV 1"]
[BlackTeam "DJK Aufwärts Aachen 2"]

1. e4 Nf6 2. e5 Nd5 3. d4 d6 4. Nf3 Bg4 5. Be2 c6 6. Ng5 Bf5 7. Bg4 Qd7 8. Qf3
e6 9. O-O Bxg4 10. Qxg4 Nb4 11. Qe2 d5 1/2-1/2